Snelle wiskunde - Vierkantswortels - Statistieken

Algemene statistieken
  • Deze quiz is 60 keer genomen
  • De gemiddelde score is 14 van 20
Antwoordstatistieken
probleem oplossing % Correct
100 10
100%
144 12
100%
169 13
100%
196 14
100%
256 16
100%
4 2
100%
400 20
100%
576 24
100%
625 25
100%
9 3
100%
900 30
100%
16 4
100%
25 5
100%
36 6
100%
3600 60
100%
64 8
100%
1 1
92%
225 15
92%
121 11
90%
289 17
90%
1600 40
90%
324 18
89%
2500 50
89%
81 9
89%
49 7
88%
961 31
86%
3481 59
86%
1521 39
82%
529 23
80%
676 26
80%
729 27
80%
1225 35
80%
1296 36
75%
3136 56
75%
1849 43
70%
2209 47
70%
361 19
67%
784 28
67%
1024 32
67%
1936 44
67%
441 21
62%
2025 45
57%
2401 49
56%
3249 57
56%
1369 37
55%
2304 48
55%
841 29
54%
484 22
50%
1156 34
50%
1681 41
50%
2704 52
50%
1764 42
46%
2116 46
43%
2809 53
38%
3025 55
38%
3364 58
38%
1089 33
33%
1444 38
33%
2916 54
30%
2601 51
17%
Geen overeenkomende quizzen gevonden
Scoreverdeling
Procent van Mensen met Elke Score
Percentiel versus Aantal Correcte Antwoorden
Uw Scoregeschiedenis
U heeft deze quiz nog niet genomen